UM Logo

World history/ (Record no. 6692)

MARC details
000 -LEADER
fixed length control field 00500nam a22001697a 4500
008 - FIXED-LENGTH DATA ELEMENTS--GENERAL INFORMATION
fixed length control field 170426b xxu||||| |||| 00| 0 eng d
020 ## - INTERNATIONAL STANDARD BOOK NUMBER
International Standard Book Number 9716420102
082 ## - DEWEY DECIMAL CLASSIFICATION NUMBER
Edition number 1994
Classification number DFil 909
Item number Z1
100 ## - MAIN ENTRY--PERSONAL NAME
9 (RLIN) 20274
Personal name Zaide, Sonia M.
245 ## - TITLE STATEMENT
Title World history/
Statement of responsibility, etc. Sonia M. Zaide
250 ## - EDITION STATEMENT
Edition statement 3rd edition
260 ## - PUBLICATION, DISTRIBUTION, ETC. (IMPRINT)
Place of publication, distribution, etc. Quezon City:
Name of publisher, distributor, etc. All-Nations Publishing Co.,Inc.,
Date of publication, distribution, etc. c1994.
300 ## - PHYSICAL DESCRIPTION
Extent 460 pages:
Other physical details illustrations;
Dimensions 25 cm.
500 ## - GENERAL NOTE
General note Includes index.
650 #0 - SUBJECT ADDED ENTRY--TOPICAL TERM
9 (RLIN) 20275
Topical term or geographic name as entry element World history.
942 ## - ADDED ENTRY ELEMENTS (KOHA)
Source of classification or shelving scheme Dewey Decimal Classification
Koha item type Filipiniana
Holdings
Withdrawn status Lost status Source of classification or shelving scheme Damaged status Not for loan Collection code Home library Current library Shelving location Date acquired Source of acquisition Total Checkouts Full call number Barcode Date last seen Date last checked out Copy number Price effective from Koha item type
    Dewey Decimal Classification     Filipiniana UM Digos College - LIC UM Digos College - LIC Book Cart 10/03/2003 Purchased 13 DFil 909 Z1 1994 13252 05/15/2025 04/15/2025 1 04/26/2017 Filipiniana
    Dewey Decimal Classification     Filipiniana UM Digos College - LIC UM Digos College - LIC Book Cart 10/03/2003 Purchased 4 DFil 909 Z1 1994 13253 05/15/2025 03/31/2025 2 04/26/2017 Filipiniana
    Dewey Decimal Classification     Filipiniana UM Digos College - LIC UM Digos College - LIC Book Cart 10/03/2003 Purchased 11 DFil 909 Z1 1994 13254 05/15/2025 05/05/2025 3 04/26/2017 Filipiniana
    Dewey Decimal Classification     Filipiniana UM Digos College - LIC UM Digos College - LIC Book Cart 10/03/2003 Purchased 9 DFil 909 Z1 1994 13255 05/15/2025 09/23/2024 4 04/26/2017 Filipiniana
    Dewey Decimal Classification     Filipiniana UM Digos College - LIC UM Digos College - LIC Book Cart 10/03/2003 Purchased 16 DFil 909 Z1 1994 13256 07/09/2025 07/07/2025 5 04/26/2017 Filipiniana
    Dewey Decimal Classification     Filipiniana UM Digos College - LIC UM Digos College - LIC Book Cart 10/03/2003 Purchased 7 DFil 909 Z1 1994 13257 05/15/2025 09/06/2024 6 04/26/2017 Filipiniana
    Dewey Decimal Classification     Filipiniana UM Digos College - LIC UM Digos College - LIC Book Cart 10/03/2003 Purchased 5 DFil 909 Z1 1994 14385 05/15/2025 05/14/2024 7 04/26/2017 Filipiniana
    Dewey Decimal Classification     Filipiniana UM Digos College - LIC UM Digos College - LIC Book Cart 10/03/2003 Purchased 10 DFil 909 Z1 1994 14386 05/15/2025 07/11/2024 8 04/26/2017 Filipiniana
    Dewey Decimal Classification     Filipiniana UM Digos College - LIC UM Digos College - LIC Book Cart 10/03/2003 Purchased 4 DFil 909 Z1 1994 14387 05/15/2025 04/29/2024 9 04/26/2017 Filipiniana
    Dewey Decimal Classification     Filipiniana UM Digos College - LIC UM Digos College - LIC Book Cart 10/03/2003 Purchased 11 DFil 909 Z1 1994 14388 05/15/2025 04/24/2024 10 04/26/2017 Filipiniana